000 00269nam a22001217a 4500
082 _a291 MAS
100 _aMash Y
245 _aA Comparative Study of Religions
260 _aDelhi
_bMotilal Banarsidas
300 _a200
650 _aComparative Religion
942 _cBK
999 _c20170
_d20170